[Event "Vlissingen HZ op 21st"]
[Site "Vlissingen"]
[Date "2017.08.09"]
[Round "6"]
[White "Smeets, Pierre"]
[Black "Huesmann, Thomas"]
[Result "0-1"]
[WhiteElo "2069"]
[BlackElo "2279"]
[PlyCount "60"]
[EventDate "2017.08.05"]
[EventType "swiss"]
[EventRounds "9"]
[EventCountry "NED"]
[SourceTitle "CBM 179 Extra"]
[Source "ChessBase"]
[SourceDate "2017.08.23"]
[SourceVersion "1"]
[SourceVersionDate "2017.08.23"]
[SourceQuality "1"]

1. Nf3 f5 2. c4 Nf6 3. g3 g6 4. Bg2 Bg7 5. 0-0 0-0 6. Nc3 d6 7. d3 e5 8. Rb1 h6 9. b4 g5 10. b5 Nbd7 11. Ba3 Re8 12. Nd2 Nf8 13. e3 Kh8 14. Nd5 Nxd5 15. cxd5 Nd7 16. Qc2 Nf6 17. Rbc1 Re7 18. Bb4 a5 19. Bc3 b6 20. a4 Qg8 21. e4 fxe4 22. dxe4 Bg4 23. f3 Bh5 24. g4 Bg6 25. Qd3 Rf8 26. Nc4 Nxd5 27. Nxe5 Nf4 28. Nxg6+ Nxg6 29. Bxg7+ Qxg7 30. Rc3 Nf4 0-1

[Event "WchT Seniors 65"]
[Site "Radebeul"]
[Date "2016.06.29"]
[Round "4.1"]
[White "Smeets, Pierre"]
[Black "Rahls, Peter"]
[Result "1-0"]
[WhiteElo "2119"]
[BlackElo "2160"]
[PlyCount "119"]
[EventDate "2016.06.26"]
[EventType "team-swiss"]
[EventRounds "9"]
[EventCountry "GER"]
[SourceTitle "CBM 173 Extra"]
[Source "ChessBase"]
[SourceDate "2016.08.29"]
[SourceVersion "1"]
[SourceVersionDate "2016.08.29"]
[SourceQuality "1"]
[WhiteTeam "Oranje III"]
[BlackTeam "Berlin"]
[WhiteTeamCountry "NED"]
[BlackTeamCountry "GER"]

1. c4 e5 2. g3 Nc6 3. Bg2 g6 4. Nc3 Bg7 5. e4 Nge7 6. Nge2 0-0 7. d3 d6 8. Bg5 h6 9. Be3 f5 10. Qd2 Kh7 11. 0-0 g5 12. f4 exf4 13. gxf4 g4 14. d4 fxe4 15. d5 Nb8 16. Nd4 c5 17. dxc6 Nbxc6 18. Bxe4+ Kh8 19. Rad1 Qe8 20. Ndb5 Qh5 21. Nxd6 Bf5 22. c5 Bxe4 23. Ncxe4 Nf5 24. Ng3 Nxg3 25. hxg3 Rad8 26. Qd5 Qxd5 27. Rxd5 Rd7 28. b3 Re7 29. Kf2 Nb4 30. Rd2 Nc6 31. Rfd1 Kg8 32. a3 a6 33. b4 Kh7 34. Rd5 Kg6 35. Nc4 Rfe8 36. R1d3 Rf8 37. Rd7 Rff7 38. R3d6+ Kh7 39. Rxe7 Rxe7 40. Rd3 Kg6 41. Nd6 Rd7 42. Ke2 Kh7 43. Kd2 Bf6 44. Nxb7 Rxb7 45. Rd6 Bb2 46. Rxc6 Bxa3 47. f5 Bxb4+ 48. Kd3 a5 49. Rxh6+ Kg8 50. Bd4 Rh7 51. Rg6+ Kf7 52. Rxg4 a4 53. Kc4 Ba5 54. Kb5 Bd8 55. Kxa4 Bf6 56. c6 Rh8 57. c7 Re8 58. Bxf6 Kxf6 59. Rc4 Kxf5 60. Kb5 1-0

[Event "Vlissingen HZ op 19th"]
[Site "Vlissingen"]
[Date "2015.08.03"]
[Round "4"]
[White "Timmermans, Mark"]
[Black "Smeets, Pierre"]
[Result "1-0"]
[WhiteElo "2352"]
[BlackElo "2082"]
[PlyCount "31"]
[EventDate "2015.08.01"]
[EventType "swiss"]
[EventRounds "9"]
[EventCountry "NED"]
[SourceTitle "CBM 167 Extra"]
[Source "ChessBase"]
[SourceDate "2015.09.14"]
[SourceVersion "1"]
[SourceVersionDate "2015.09.14"]
[SourceQuality "1"]

1. e4 e6 2. d4 d5 3. Nd2 Be7 4. c3 dxe4 5. Nxe4 Nf6 6. Nxf6+ Bxf6 7. Nf3 0-0 8. Bd3 Nd7 9. h4 e5 10. Bxh7+ Kh8 11. Ng5 g6 12. Bxg6 fxg6 13. h5 Bxg5 14. hxg6+ Kg7 15. Rh7+ Kg8 16. Qb3+ 1-0

[Event "Vlissingen HZ op 19th"]
[Site "Vlissingen"]
[Date "2015.08.02"]
[Round "3"]
[White "Smeets, Pierre"]
[Black "Van Tuijl, Arjen"]
[Result "1-0"]
[WhiteElo "2082"]
[BlackElo "1601"]
[PlyCount "57"]
[EventDate "2015.08.01"]
[EventType "swiss"]
[EventRounds "9"]
[EventCountry "NED"]
[SourceTitle "CBM 167 Extra"]
[Source "ChessBase"]
[SourceDate "2015.09.14"]
[SourceVersion "1"]
[SourceVersionDate "2015.09.14"]
[SourceQuality "1"]

1. d4 Nf6 2. Nf3 d5 3. Bg5 e6 4. e3 Be7 5. Nbd2 Nbd7 6. Bd3 c5 7. c3 Qc7 8. 0-0 e5 9. dxe5 Nxe5 10. Nxe5 Qxe5 11. Nf3 Qc7 12. c4 Be6 13. Qc2 0-0-0 14. Rac1 d4 15. Bf4 Bd6 16. Bxd6 Qxd6 17. exd4 Bg4 18. Bf5+ Kb8 19. Bxg4 Nxg4 20. d5 Rhe8 21. Rfe1 Rxe1+ 22. Rxe1 b5 23. b3 h5 24. Qf5 Nf6 25. Qe5 bxc4 26. bxc4 Kc7 27. Kf1 Ne8 28. Qe7+ Qd7 29. Qxc5+ 1-0

[Event "Hessen-ch Seniors op 11th"]
[Site "Bad Sooden-Allendorf"]
[Date "2015.05.12"]
[Round "4"]
[White "Hassenrueck, Helmut"]
[Black "Smeets, Pierre"]
[Result "1-0"]
[WhiteElo "2231"]
[BlackElo "2034"]
[PlyCount "41"]
[EventDate "2015.05.09"]
[EventType "swiss"]
[EventRounds "9"]
[EventCountry "GER"]
[SourceTitle "EXT 2018"]
[Source "ChessBase"]
[SourceDate "2017.10.13"]
[SourceVersion "1"]
[SourceVersionDate "2017.10.13"]
[SourceQuality "1"]

1. d4 d5 2. Nf3 Nf6 3. c4 c6 4. Nc3 dxc4 5. a4 Bf5 6. e3 e6 7. Bxc4 Bb4 8. 0-0 0-0 9. Qe2 Bg6 10. Ne5 Nbd7 11. Nxg6 hxg6 12. Rd1 Qc7 13. e4 e5 14. d5 a5 15. Bg5 Rad8 16. Rac1 Qb8 17. Ba2 Nb6 18. Bxf6 gxf6 19. Qe3 Nc8 20. Qh6 Rd6 21. Rd3 1-0

[Event "Hoogeveen Unive op 18th"]
[Site "Hoogeveen"]
[Date "2014.10.18"]
[Round "9"]
[White "Poznyak, Nazar"]
[Black "Smeets, Pierre"]
[Result "1/2-1/2"]
[WhiteElo "1824"]
[BlackElo "2044"]
[PlyCount "33"]
[EventDate "2014.10.11"]
[EventType "swiss"]
[EventRounds "9"]
[EventCountry "NED"]
[SourceTitle "EXT 2015"]
[Source "ChessBase"]
[SourceDate "2014.11.20"]
[SourceVersion "1"]
[SourceVersionDate "2014.11.20"]
[SourceQuality "1"]

1. e4 e6 2. d4 d5 3. Nd2 Nf6 4. e5 Nfd7 5. Bd3 c5 6. c3 Nc6 7. Ne2 cxd4 8. cxd4 f6 9. exf6 Nxf6 10. Nf3 Qc7 11. 0-0 Bd6 12. g3 0-0 13. Bf4 Bd7 14. Rc1 Ne4 15. Bxe4 dxe4 16. Ne5 Bxe5 17. Bxe5 1/2-1/2

[Event "Hoogeveen Unive op 17th"]
[Site "Hoogeveen"]
[Date "2013.10.25"]
[Round "8"]
[White "Smeets, Pierre"]
[Black "Lecomte, Robin"]
[Result "0-1"]
[WhiteElo "2076"]
[BlackElo "2040"]
[PlyCount "60"]
[EventDate "2013.10.18"]
[EventType "swiss"]
[EventRounds "9"]
[EventCountry "NED"]
[SourceTitle "EXT 2014"]
[Source "ChessBase"]
[SourceDate "2013.11.20"]
[SourceVersion "1"]
[SourceVersionDate "2013.11.20"]
[SourceQuality "1"]

1. d4 Nf6 2. Nf3 g6 3. Bg5 Bg7 4. Nbd2 0-0 5. c3 d5 6. e3 Nbd7 7. Bd3 Re8 8. 0-0 e5 9. e4 exd4 10. cxd4 dxe4 11. Nxe4 h6 12. Qb3 Re6 13. Bh4 g5 14. Nexg5 hxg5 15. Nxg5 Nf8 16. Bc4 Qxd4 17. Nxe6 Nxe6 18. Bxe6 Bxe6 19. Bxf6 Bxf6 20. Qxb7 Rc8 21. Rad1 Qxb2 22. Qxa7 Qxa2 23. Qe3 c5 24. Qf4 Bg7 25. Rd3 Qc4 26. Qg3 Qg4 27. Qd6 Bc4 28. Rg3 Qd4 29. Rd1 Qxd6 30. Rxd6 Be6 0-1

[Event "Hoogeveen Unive op 17th"]
[Site "Hoogeveen"]
[Date "2013.10.20"]
[Round "3"]
[White "Henseler, Jorgen"]
[Black "Smeets, Pierre"]
[Result "1/2-1/2"]
[WhiteElo "2088"]
[BlackElo "2076"]
[PlyCount "28"]
[EventDate "2013.10.18"]
[EventType "swiss"]
[EventRounds "9"]
[EventCountry "NED"]
[SourceTitle "EXT 2014"]
[Source "ChessBase"]
[SourceDate "2013.11.20"]
[SourceVersion "1"]
[SourceVersionDate "2013.11.20"]
[SourceQuality "1"]

1. e4 e6 2. d4 d5 3. Nc3 Nf6 4. Bg5 Be7 5. e5 Nfd7 6. Bxe7 Qxe7 7. f4 a6 8. Nf3 c5 9. Qd2 Nc6 10. 0-0-0 b5 11. Rg1 cxd4 12. Nxd4 Nxd4 13. Qxd4 Qc5 14. Qxc5 Nxc5 1/2-1/2

[Event "Hoogeveen Unive op 17th"]
[Site "Hoogeveen"]
[Date "2013.10.19"]
[Round "2"]
[White "Smeets, Pierre"]
[Black "Vistisen, Lars"]
[Result "0-1"]
[WhiteElo "2076"]
[BlackElo "2163"]
[PlyCount "84"]
[EventDate "2013.10.18"]
[EventType "swiss"]
[EventRounds "9"]
[EventCountry "NED"]
[SourceTitle "EXT 2014"]
[Source "ChessBase"]
[SourceDate "2013.11.20"]
[SourceVersion "1"]
[SourceVersionDate "2013.11.20"]
[SourceQuality "1"]

1. d4 Nf6 2. Nf3 c5 3. d5 e6 4. Bg5 exd5 5. Nc3 d4 6. Nd5 Be7 7. Bxf6 Bxf6 8. g3 0-0 9. Bg2 Na6 10. Nd2 Nc7 11. a4 Rb8 12. Nc4 d6 13. Qd3 Nxd5 14. Bxd5 Be6 15. Qf3 Qd7 16. 0-0 Rfd8 17. e4 dxe3 18. fxe3 Rbc8 19. c3 Rc7 20. a5 Kf8 21. Qe4 Bxd5 22. Qxd5 Qe6 23. Rad1 Ke7 24. Rd3 Qxd5 25. Rxd5 Ke6 26. e4 Rcd7 27. Ne3 g6 28. Kg2 Bg7 29. g4 h6 30. h4 b5 31. axb6 axb6 32. h5 Ra8 33. hxg6 fxg6 34. Nc4 Ra2 35. Rf2 b5 36. Na3 Bxc3 37. Nxb5 Be5 38. Nc3 Ra8 39. Rfd2 Rb7 40. Nd1 Rb4 41. Re2 Rf8 42. Rd3 Rf4 0-1